[Event "Groningen op"]
[Site "Groningen"]
[Date "1995.??.??"]
[Round "?"]
[White "Kistella, Roman"]
[Black "Ismailova, Lala"]
[Result "1-0"]
[WhiteElo "2260"]
[BlackElo "2115"]
[PlyCount "59"]
[EventDate "1995.12.??"]
[EventType "swiss"]
[EventRounds "11"]
[EventCountry "NED"]
[SourceTitle "CBM 050 Extra"]
[Source "ChessBase"]
[SourceDate "1996.03.01"]
[SourceVersion "1"]
[SourceVersionDate "1996.03.01"]
[SourceQuality "1"]

1. d4 Nf6 2. c4 c6 3. Nf3 d5 4. Nc3 g6 5. cxd5 cxd5 6. h3 Bg7 7. Bf4 Nc6 8. e3 Bf5 9. Qb3 Qb6 10. Qxb6 axb6 11. Be2 0-0 12. g4 Be4 13. g5 Nd7 14. Nxe4 dxe4 15. Nd2 Nb4 16. 0-0 e5 17. dxe5 Nxe5 18. Nxe4 Nxa2 19. Nf6+ Bxf6 20. gxf6 Rfe8 21. Rfd1 h5 22. Bxe5 Rxe5 23. Bc4 Rea5 24. Rd7 Nb4 25. Rxa5 Rxa5 26. Rxf7 Rg5+ 27. Kf1 Nc6 28. Rg7+ Kh8 29. Rg8+ Kh7 30. f7 1-0

[Event "Budapest FS09 IM-A"]
[Site "Budapest"]
[Date "1994.??.??"]
[Round "4"]
[White "Held, Markus"]
[Black "Ismailova, Lala"]
[Result "0-1"]
[WhiteElo "2210"]
[BlackElo "2095"]
[PlyCount "98"]
[EventDate "1994.09.??"]
[EventType "tourn"]
[EventRounds "9"]
[EventCountry "HUN"]
[EventCategory "2"]
[SourceTitle "EXT 1997"]
[Source "ChessBase"]
[SourceDate "1996.11.15"]
[SourceVersion "1"]
[SourceVersionDate "1996.11.15"]
[SourceQuality "1"]

1. e4 d6 2. d4 Nf6 3. Nc3 e5 4. Nf3 Nbd7 5. Bc4 Be7 6. 0-0 0-0 7. Qe2 c6 8. a4 a5 9. h3 exd4 10. Nxd4 Ne5 11. Bb3 Re8 12. f4 Ng6 13. Bd2 Bf8 14. Qd3 d5 15. e5 Nd7 16. Qg3 Nc5 17. Ba2 Qb6 18. Be3 Qxb2 19. Bf2 Qb6 20. Nb3 Qa7 21. Bd4 b6 22. f5 Ne7 23. Qg5 Nxb3 24. Bxb3 Ba6 25. Rf4 Rad8 26. Nd1 c5 27. Bb2 Nc6 28. Nf2 h6 29. Qh4 c4 30. Ba2 Bc5 31. f6 Be3 32. Rf3 Bg5 33. Qg3 g6 34. h4 Bd2 35. Rd1 Bb4 36. h5 g5 37. Nh3 Kh7 38. Nxg5+ hxg5 39. Qxg5 Rg8 40. Qf5+ Kh8 41. c3 Bc8 42. Qc2 Bc5+ 43. Kf1 Nxe5 44. Bb1 Nd3 45. Rdxd3 cxd3 46. Rxd3 Ba6 47. c4 Bxc4 48. Ke1 Rge8+ 49. Kd1 Re4 0-1

[Event "Groningen op"]
[Site "Groningen"]
[Date "1994.??.??"]
[Round "1"]
[White "Ismailova, Lala"]
[Black "Carlier, Bruno"]
[Result "0-1"]
[WhiteElo "2095"]
[BlackElo "2365"]
[PlyCount "128"]
[EventDate "1994.12.??"]
[EventType "swiss"]
[EventRounds "11"]
[EventCountry "NED"]
[SourceTitle "EXT 1997"]
[Source "ChessBase"]
[SourceDate "1996.11.15"]
[SourceVersion "1"]
[SourceVersionDate "1996.11.15"]
[SourceQuality "1"]

1. d4 g6 2. Nf3 Bg7 3. Nbd2 c5 4. c3 cxd4 5. cxd4 Nf6 6. e4 d6 7. Bb5+ Bd7 8. Qe2 Bxb5 9. Qxb5+ Qd7 10. Qd3 Nc6 11. a3 e6 12. b4 0-0 13. Bb2 Rfc8 14. 0-0 Ne7 15. Rac1 Rxc1 16. Rxc1 Rc8 17. Rxc8+ Qxc8 18. Qc3 Qxc3 19. Bxc3 b5 20. Kf1 Nd7 21. Nb3 Nb6 22. Bd2 Nc4 23. Bc1 d5 24. e5 Nc6 25. Ke2 a5 26. bxa5 N6xa5 27. Nxa5 Nxa5 28. Bd2 Nc6 29. Kd3 Bf8 30. Bc1 h5 31. h3 Be7 32. g4 hxg4 33. hxg4 f6 34. exf6 Bxf6 35. Bg5 Kf7 36. Bf4 Be7 37. Bc1 Bd6 38. Ng5+ Ke7 39. f4 Na5 40. Nf3 Nc4 41. Ne5 g5 42. fxg5 Nxe5+ 43. dxe5 Bxe5 44. Kc2 Kf7 45. Kb3 Bd6 46. a4 bxa4+ 47. Kxa4 Kg6 48. Kb5 Be7 49. Kc6 Bxg5 50. Bb2 Bf6 51. Bc1 Bg5 52. Bb2 Bf4 53. Kd7 Kf7 54. Kc6 Be3 55. Ba3 Kf6 56. Bb2+ Kf7 57. Ba3 d4 58. Bc5 Kf6 59. Kd7 e5 60. Kd6 Bf4 61. Bb6 d3 62. Bd8+ Kg6 63. Ba5 e4+ 64. Kd5 e3 0-1

[Event "Groningen op"]
[Site "Groningen"]
[Date "1994.??.??"]
[Round "5"]
[White "Ismailova, Lala"]
[Black "Hulshof, Peter"]
[Result "1/2-1/2"]
[WhiteElo "2095"]
[BlackElo "2155"]
[PlyCount "120"]
[EventDate "1994.12.??"]
[EventType "swiss"]
[EventRounds "11"]
[EventCountry "NED"]
[SourceTitle "EXT 1997"]
[Source "ChessBase"]
[SourceDate "1996.11.15"]
[SourceVersion "1"]
[SourceVersionDate "1996.11.15"]
[SourceQuality "1"]

1. d4 g6 2. Nf3 Bg7 3. Bg5 c6 4. c3 d6 5. e4 Qb6 6. Qb3 Be6 7. Qxb6 axb6 8. a3 b5 9. Nbd2 Nd7 10. Be2 Ngf6 11. 0-0 0-0 12. Bxf6 Bxf6 13. d5 Bg4 14. h3 Bxf3 15. Nxf3 Nc5 16. Nd2 Ra4 17. Bd1 Ra7 18. Bc2 Na4 19. Bxa4 Rxa4 20. f4 Rfa8 21. Rae1 Bg7 22. g4 b4 23. axb4 Ra2 24. dxc6 bxc6 25. Nc4 d5 26. exd5 cxd5 27. Nb6 Rd8 28. Rd1 e6 29. Rf2 Bf6 30. g5 Be7 31. b3 Ra3 32. Rb2 Bd6 33. Rd4 Ra1+ 34. Kg2 Re1 35. Na4 Bf8 36. b5 Bg7 37. Rd3 h6 38. h4 Rb8 39. b6 f6 40. Rh3 Kf7 41. gxh6 Bxh6 42. Rf3 Bf8 43. Rf1 Rxf1 44. Kxf1 Bd6 45. Rf2 Ke7 46. Kg2 Kd7 47. Kf3 Rh8 48. Kg4 Kc6 49. Re2 Re8 50. h5 gxh5+ 51. Kxh5 Bxf4 52. Kg6 Bd6 53. Kxf6 e5 54. c4 d4 55. c5 d3 56. Rd2 Bxc5 57. Nxc5 Kxc5 58. Rxd3 Kxb6 59. Re3 Kc5 60. Kf7 Ra8 1/2-1/2

[Event "Budapest FS09 IM-A"]
[Site "Budapest"]
[Date "1994.??.??"]
[Round "8"]
[White "Ismailova, Lala"]
[Black "Polacek, Jozef"]
[Result "0-1"]
[WhiteElo "2095"]
[BlackElo "2295"]
[PlyCount "33"]
[EventDate "1994.09.??"]
[EventType "tourn"]
[EventRounds "9"]
[EventCountry "HUN"]
[EventCategory "2"]
[SourceTitle "EXT 1997"]
[Source "ChessBase"]
[SourceDate "1996.11.15"]
[SourceVersion "1"]
[SourceVersionDate "1996.11.15"]
[SourceQuality "1"]

1. d4 d5 2. Nf3 e6 3. c3 c5 4. Ne5 Nc6 5. Qa4 cxd4 6. cxd4 Qb6 7. e3 Bd6 8. f4 Nge7 9. Bd3 Bxe5 10. fxe5 Bd7 11. Qa3 Nb4 12. Nd2 Nec6 13. Bb1 Rc8 14. Nf3 Nxd4 15. 0-0 Ndc2 16. Bxc2 Nxc2 17. Qd3 0-1